000 00810nam a22002057a 4500
999 _c10982
_d10982
003 AR-CdUCM
008 190402b ||||| |||| 00| 0 spa d
040 _aMUNICIPALIDAD PROVINCIAL DEL CUSCO
_cBIBLIOTECA MUNICIPAL DEL CUSCO
082 _a340 /
_bR46 / 1931.
110 _aColegio de abogados
_928082
245 _aLa revista del foro :
_bórgano del colegio de abogados /
260 _aLima :
_c1931.
300 _a400 vii paginas ;
_c30 cm.
505 _aContenido : Inconstitucionalidad de la ley -- La reforma del poder judicial -- Comisión para elaborar un proyecto de legislación industrial -- Jurisprudencia de tribunales ...
650 _aPoder judicial
_96720
650 _aFormularios judiciales
_928083
650 _aNormas leyes y codigos
_928084
942 _2ddc
_cLIBROS
945 _awnts